[Event "ESP-ch 88th"]
[Site "Marbella"]
[Date "2023.10.20"]
[Round "8"]
[White "Jaime Montalvan, Luis Felipe"]
[Black "Roman Lopez, Jesus A"]
[Result "1-0"]
[WhiteElo "1966"]
[BlackElo "2019"]
[PlyCount "69"]
[EventDate "2023.10.13"]
[EventType "swiss"]
[EventRounds "9"]
[EventCountry "ESP"]
[SourceTitle "Mega2024 Update 01"]
[Source "Chessbase"]
[SourceDate "2023.11.12"]
[SourceVersion "1"]
[SourceVersionDate "2023.11.12"]
[SourceQuality "1"]

1. g3 e5 2. d4 Nc6 3. dxe5 Nxe5 4. Bg2 Nf6 5. Nc3 c6 6. Bf4 Ng6 7. Bd6 Bxd6 8. Qxd6 Qe7 9. Qxe7+ Kxe7 10. e4 d6 11. h3 Re8 12. 0-0-0 Bd7 13. a4 Rad8 14. Nge2 Bc8 15. Rd2 Kd7 16. Rhd1 Kc7 17. f4 b6 18. Nd4 Nh5 19. Bf3 Nxg3 20. Rg1 Nxe4 21. Bxe4 d5 22. Bxg6 fxg6 23. f5 gxf5 24. Rxg7+ Rd7 25. Rdg2 Ree7 26. Nxf5 Rxg7 27. Nxg7 Re7 28. h4 d4 29. Ne2 c5 30. Kd2 Ba6 31. Nf5 Re5 32. Rg7+ Kb8 33. Neg3 Bc8 34. Nd6 Re3 35. Rg8 1-0

[Event "ESP-ch 88th"]
[Site "Marbella"]
[Date "2023.10.16"]
[Round "4"]
[White "Roman Lopez, Jesus A"]
[Black "Vinolas Anglada, Laura"]
[Result "0-1"]
[WhiteElo "2019"]
[BlackElo "1884"]
[PlyCount "98"]
[EventDate "2023.10.13"]
[EventType "swiss"]
[EventRounds "9"]
[EventCountry "ESP"]
[SourceTitle "Mega2024 Update 01"]
[Source "Chessbase"]
[SourceDate "2023.11.12"]
[SourceVersion "1"]
[SourceVersionDate "2023.11.12"]
[SourceQuality "1"]

1. e4 e5 2. Nf3 Nc6 3. Bb5 a6 4. Ba4 Nf6 5. d4 exd4 6. 0-0 Be7 7. Re1 b5 8. Bb3 d6 9. Bd5 Nxd5 10. exd5 Ne5 11. Nxd4 Bd7 12. Bf4 0-0 13. Nc3 Ng6 14. Bg3 b4 15. Nce2 Bf6 16. Qd2 a5 17. a3 Qb8 18. c3 Qb6 19. Rec1 bxc3 20. Rxc3 Ne7 21. Rb3 Qa6 22. a4 Nxd5 23. Nb5 Bxb5 24. axb5 Qb7 25. Rxa5 Rxa5 26. Qxa5 Ra8 27. Qe1 h6 28. h3 Ra2 29. Qb1 Qa7 30. Qe4 Ra1+ 31. Kh2 Qc5 32. Rd3 Ne7 33. Rf3 Qd5 34. Qxd5 Nxd5 35. Rb3 Rb1 36. b6 cxb6 37. Rb5 Rxb2 38. Rxd5 Rxe2 39. Rxd6 Rb2 40. f4 Rb1 41. Bf2 b5 42. Rb6 b4 43. Bc5 Bc3 44. Rb8+ Kh7 45. Rb7 Kg6 46. g4 b3 47. Ba3 b2 48. Rb3 Rd1 49. f5+ Kh7 0-1

[Event "ESP-ch 88th"]
[Site "Marbella"]
[Date "2023.10.13"]
[Round "1"]
[White "Tabuenca Mendataurigoitia, Daniel"]
[Black "Roman Lopez, Jesus A"]
[Result "1-0"]
[WhiteElo "2351"]
[BlackElo "2019"]
[PlyCount "57"]
[EventDate "2023.10.13"]
[EventType "swiss"]
[EventRounds "9"]
[EventCountry "ESP"]
[SourceTitle "Mega2024 Update 01"]
[Source "Chessbase"]
[SourceDate "2023.11.12"]
[SourceVersion "1"]
[SourceVersionDate "2023.11.12"]
[SourceQuality "1"]

1. e4 e5 2. Nf3 Nc6 3. Bb5 f5 4. d3 fxe4 5. dxe4 Nf6 6. 0-0 Bc5 7. Qd3 Qe7 8. Nc3 Nd8 9. Bg5 c6 10. Nh4 Ne6 11. Nf5 Qf8 12. Bxf6 Qxf6 13. Ba4 b5 14. Bxb5 cxb5 15. Nd5 Qf8 16. b4 Bxb4 17. Nxb4 Qxb4 18. Qd5 0-0 19. Qxa8 Nf4 20. Rab1 Qc5 21. Qb8 Ne2+ 22. Kh1 Nc3 23. Rbe1 Nxe4 24. Rxe4 Qe7 25. Qxb5 d6 26. Re3 Bb7 27. Kg1 h6 28. Rb1 Rf6 29. Qc4+ 1-0

[Event "Gibraltar Masters 18th"]
[Site "Caleta"]
[Date "2020.01.24"]
[Round "4"]
[White "Giacomini, Hector"]
[Black "Roman Lopez, Jesus A"]
[Result "1-0"]
[WhiteElo "2161"]
[BlackElo "1973"]
[PlyCount "91"]
[EventDate "2020.01.21"]
[EventType "swiss"]
[EventRounds "10"]
[EventCountry "GGB"]
[SourceTitle "CBM 194 Extra"]
[Source "ChessBase"]
[SourceDate "2020.03.31"]
[SourceVersion "1"]
[SourceVersionDate "2020.03.31"]
[SourceQuality "1"]

1. c4 c5 2. Nc3 Nf6 3. Nf3 Nc6 4. d4 cxd4 5. Nxd4 g6 6. e4 d6 7. Be2 Bg7 8. Be3 0-0 9. 0-0 a6 10. h3 Bd7 11. Qd2 Rc8 12. Rac1 Nxd4 13. Bxd4 Bc6 14. Bf3 Qa5 15. Rfd1 Rfe8 16. b3 h5 17. Rc2 Nd7 18. Bxg7 Kxg7 19. Be2 Nf6 20. Qd4 Qg5 21. Rd3 h4 22. Re3 Kh7 23. Nd5 Nxd5 24. cxd5 Bb5 25. Rxc8 Rxc8 26. Bxb5 axb5 27. e5 Rc1+ 28. Kh2 Rc2 29. Rf3 dxe5 30. Qe4 Rxa2 31. Rxf7+ Kg8 32. Rf3 Rd2 33. d6 Rxd6 34. Qxb7 Kg7 35. Qxb5 Rf6 36. Qe2 Rf4 37. Re3 Rf5 38. Re4 Qf6 39. f3 Qg5 40. Qe1 Qf6 41. Qxh4 Qd6 42. Qe1 g5 43. b4 Rf4 44. b5 Qc5 45. Rxe5 Qd6 46. Rxg5+ 1-0

[Event "Gibraltar Masters 18th"]
[Site "Caleta"]
[Date "2020.01.22"]
[Round "2"]
[White "Rangel, Daniel"]
[Black "Roman Lopez, Jesus A"]
[Result "1-0"]
[WhiteElo "2269"]
[BlackElo "1973"]
[PlyCount "31"]
[EventDate "2020.01.21"]
[EventType "swiss"]
[EventRounds "10"]
[EventCountry "GGB"]
[SourceTitle "CBM 194 Extra"]
[Source "ChessBase"]
[SourceDate "2020.03.31"]
[SourceVersion "1"]
[SourceVersionDate "2020.03.31"]
[SourceQuality "1"]

1. e4 e5 2. Nf3 Nc6 3. d4 exd4 4. Nxd4 Bc5 5. Nb3 Bb6 6. Qe2 Qf6 7. Nc3 Nge7 8. Be3 d5 9. 0-0-0 Ne5 10. h3 Be6 11. Nd2 N5g6 12. g3 0-0 13. f4 Ba5 14. Ndb1 Rfe8 15. Bd4 Nxf4 16. Qf3 1-0

[Event "Andalucia-chA"]
[Site "Algeciras"]
[Date "2018.05.20"]
[Round "7"]
[White "Roman Lopez, Jesus A"]
[Black "Redondo Benavente, Ana"]
[Result "1/2-1/2"]
[WhiteElo "2019"]
[BlackElo "2114"]
[PlyCount "81"]
[EventDate "2018.05.12"]
[EventType "swiss"]
[EventRounds "8"]
[EventCountry "ESP"]
[SourceTitle "EXT 2020"]
[Source "ChessBase"]
[SourceDate "2019.10.17"]
[SourceVersion "1"]
[SourceVersionDate "2019.10.17"]
[SourceQuality "1"]

1. e4 c5 2. d4 cxd4 3. c3 Nf6 4. e5 Nd5 5. Qxd4 e6 6. Nf3 Nc6 7. Qe4 f5 8. exf6 Nxf6 9. Qh4 d5 10. Bd3 Bd6 11. Bg6+ Ke7 12. Bc2 e5 13. 0-0 e4 14. Nd4 Nxd4 15. cxd4 Qb6 16. Nc3 Be6 17. Bb3 Kf7 18. Bg5 Qxd4 19. Rad1 Qe5 20. Bxf6 Qxf6 21. Qxf6+ gxf6 22. Bxd5 Bxd5 23. Rxd5 Rad8 24. Rfd1 Ke6 25. Kf1 f5 26. Nb5 Be7 27. Rxd8 Rxd8 28. Rxd8 Bxd8 29. Nxa7 Kd5 30. Nb5 Bf6 31. b3 Kc5 32. Na3 Kd4 33. Nb5+ Kd3 34. g3 Be5 35. Na3 Bc7 36. h4 e3 37. fxe3 Bxg3 38. Nc4 b5 39. Na3 b4 40. Nc4 Bxh4 41. Ne5+ 1/2-1/2

[Event "Gibraltar Masters 16th"]
[Site "Caleta"]
[Date "2018.02.01"]
[Round "10"]
[White "Roman Lopez, Jesus A"]
[Black "Goriatchkin, Jouri"]
[Result "0-1"]
[WhiteElo "2008"]
[BlackElo "2310"]
[PlyCount "66"]
[EventDate "2018.01.23"]
[EventType "swiss"]
[EventRounds "10"]
[EventCountry "GGB"]
[SourceTitle "CBM 183"]
[Source "ChessBase"]
[SourceDate "2018.03.14"]
[SourceVersion "1"]
[SourceVersionDate "2018.03.14"]
[SourceQuality "1"]

1. e4 e6 2. d4 d5 3. exd5 exd5 4. c4 Nf6 5. Nc3 Be7 6. Nf3 0-0 7. cxd5 Nxd5 8. Bd3 Be6 9. 0-0 Nd7 10. Nxd5 Bxd5 11. Bf4 Nf6 12. Rc1 c6 13. a3 Qb6 14. Be5 Rfe8 15. Qc2 Bxf3 16. gxf3 g6 17. f4 Nd5 18. Kh1 Bf6 19. f5 Bxe5 20. dxe5 Nf4 21. e6 fxe6 22. fxg6 h6 23. g7 Rad8 24. Rcd1 Kxg7 25. Rg1+ Kf6 26. Rg3 Qd4 27. Re3 Qd5+ 28. f3 Rg8 29. Qc3+ e5 30. Re4 Nh3 31. Qe1 Rg1+ 32. Qxg1 Nxg1 33. Kxg1 Qb3 0-1

[Event "Gibraltar Masters 16th"]
[Site "Caleta"]
[Date "2018.01.29"]
[Round "7"]
[White "Roman Lopez, Jesus A"]
[Black "Pinho, Paulo Miguel"]
[Result "1-0"]
[WhiteElo "2008"]
[BlackElo "2186"]
[PlyCount "27"]
[EventDate "2018.01.23"]
[EventType "swiss"]
[EventRounds "10"]
[EventCountry "GGB"]
[SourceTitle "CBM 183"]
[Source "ChessBase"]
[SourceDate "2018.03.14"]
[SourceVersion "1"]
[SourceVersionDate "2018.03.14"]
[SourceQuality "1"]

1. e4 c5 2. c3 d5 3. exd5 Qxd5 4. d4 Nf6 5. Nf3 g6 6. Na3 Bg7 7. Bc4 Qe4+ 8. Be3 0-0 9. 0-0 Ng4 10. Bg5 cxd4 11. Re1 Qf5 12. Bxe7 Re8 13. Nb5 Be6 14. Nd6 1-0

[Event "Gibraltar Masters 16th"]
[Site "Caleta"]
[Date "2018.01.27"]
[Round "5"]
[White "Lochte, Thomas"]
[Black "Roman Lopez, Jesus A"]
[Result "1/2-1/2"]
[WhiteElo "2169"]
[BlackElo "2008"]
[PlyCount "155"]
[EventDate "2018.01.23"]
[EventType "swiss"]
[EventRounds "10"]
[EventCountry "GGB"]
[SourceTitle "CBM 183"]
[Source "ChessBase"]
[SourceDate "2018.03.14"]
[SourceVersion "1"]
[SourceVersionDate "2018.03.14"]
[SourceQuality "1"]

1. e4 e5 2. Nf3 Nc6 3. Bc4 Bc5 4. b4 Bxb4 5. c3 Bd6 6. d4 Nf6 7. dxe5 Bxe5 8. Ba3 d6 9. 0-0 0-0 10. Bd5 Nxd5 11. exd5 Ne7 12. Nxe5 dxe5 13. Re1 Re8 14. Rxe5 Ng6 15. Rxe8+ Qxe8 16. Nd2 Bf5 17. Qf3 Qe5 18. Nc4 Qe4 19. Qxe4 Bxe4 20. Ne3 Nf4 21. c4 Rd8 22. Rd1 f6 23. f3 Bg6 24. g4 b6 25. Nf5 Bxf5 26. gxf5 Kf7 27. Kf2 g5 28. Bc1 Nh5 29. Re1 Ng7 30. h4 gxh4 31. Bf4 Rd7 32. Re6 Nxf5 33. Rc6 Nd6 34. Kg2 Ne8 35. Kh3 b5 36. cxb5 Rxd5 37. a4 Rd4 38. Bxc7 Rxa4 39. Bb8 Rb4 40. Bxa7 Rxb5 41. Kxh4 Kg6 42. Rc4 Ng7 43. Rg4+ Kf7 44. Rf4 Rh5+ 45. Kg4 Rh1 46. Rb4 Kg6 47. Kg3 h5 48. Kg2 Ra1 49. Bd4 Ra2+ 50. Rb2 Ra4 51. Bc3 Rc4 52. Rb3 Nf5 53. Bb2 Rc6 54. Kh3 Re6 55. Bc1 Nd4 56. Rd3 Rc6 57. Bf4 Ne2 58. Be3 Re6 59. Kg2 Kf5 60. Rd5+ Re5 61. Rxe5+ fxe5 62. Kh3 Nf4+ 63. Kh2 Ng6 64. Kg3 Ke6 65. Bd2 Kd5 66. Bc1 Kd4 67. Bb2+ Kd5 68. Bc1 Ke6 69. Bd2 Kf5 70. Be3 Ne7 71. Bc1 Kg6 72. Bd2 Nf5+ 73. Kh3 Nd4 74. Kg3 Kf5 75. Be3 Ke6 76. Bg5 Kd5 77. Kf2 Ne6 78. Bh4 1/2-1/2

[Event "Andalucia-chA"]
[Site "Roquetas de Mar"]
[Date "2017.05.21"]
[Round "7"]
[White "Perera Borrego, Mariela"]
[Black "Roman Lopez, Jesus A"]
[Result "1/2-1/2"]
[WhiteElo "2128"]
[BlackElo "1938"]
[PlyCount "60"]
[EventDate "2017.05.13"]
[EventType "swiss"]
[EventRounds "8"]
[EventCountry "ESP"]
[SourceTitle "EXT 2020"]
[Source "ChessBase"]
[SourceDate "2019.10.17"]
[SourceVersion "1"]
[SourceVersionDate "2019.10.17"]
[SourceQuality "1"]

1. d4 d5 2. Nf3 c5 3. e3 e6 4. Bd3 Nc6 5. a3 Nf6 6. b3 Bd6 7. Bb2 0-0 8. Nbd2 cxd4 9. exd4 Re8 10. Ne5 Qc7 11. f4 Qe7 12. 0-0 Nd7 13. c4 f6 14. Nxd7 Bxd7 15. c5 Bc7 16. b4 e5 17. dxe5 fxe5 18. Qb3 Be6 19. fxe5 Bxe5 20. Rae1 Nd4 21. Qd1 Qg5 22. Kh1 Bg4 23. Qc1 Rf8 24. Bxd4 Bxd4 25. Nf3 Qxc1 26. Rxc1 Bxf3 27. gxf3 Rae8 28. Kg2 Re3 29. Rcd1 Rfe8 30. Rd2 g6 1/2-1/2

[Event "Gibraltar Masters 15th"]
[Site "Caleta"]
[Date "2017.01.31"]
[Round "8"]
[White "Welling, Gerard J"]
[Black "Roman Lopez, Jesus A"]
[Result "1/2-1/2"]
[WhiteElo "2314"]
[BlackElo "1962"]
[PlyCount "96"]
[EventDate "2017.01.24"]
[EventType "swiss"]
[EventRounds "10"]
[EventCountry "GGB"]
[SourceTitle "CBM 177"]
[Source "ChessBase"]
[SourceDate "2017.03.16"]
[SourceVersion "1"]
[SourceVersionDate "2017.03.16"]
[SourceQuality "1"]

1. d4 d5 2. e3 Nf6 3. Nf3 c5 4. c3 e6 5. Bd3 Nbd7 6. 0-0 b6 7. Nbd2 Bb7 8. Ne5 g6 9. f4 Bg7 10. b3 0-0 11. Bb2 Rc8 12. Qe2 Qe7 13. a4 Nxe5 14. fxe5 Nd7 15. a5 f6 16. axb6 axb6 17. exf6 Rxf6 18. e4 Rxf1+ 19. Rxf1 cxd4 20. cxd4 dxe4 21. Nxe4 Qb4 22. Bc4 Bd5 23. Bxd5 exd5 24. Ng5 Nf8 25. Qg4 Rc2 26. Qf3 h6 27. Qxd5+ Kh8 28. Nf7+ Kh7 29. Ba1 Qd2 30. Qe4 Rc1 31. Ne5 Rd1 32. h4 Qc1 33. Qf3 Re1 34. Qf2 Rxf1+ 35. Qxf1 Qe3+ 36. Kh2 Qxb3 37. h5 Qe3 38. Nf3 Qf4+ 39. g3 Qf5 40. hxg6+ Nxg6 41. Qe2 b5 42. Bc3 Qb1 43. Kg2 b4 44. Qb2 Qxb2+ 45. Bxb2 Ne7 46. Kf2 Kg6 47. g4 h5 48. gxh5+ Kxh5 1/2-1/2

[Event "Gibraltar Masters 15th"]
[Site "Caleta"]
[Date "2017.01.26"]
[Round "3"]
[White "Roman Lopez, Jesus A"]
[Black "Lapusan, Razvan"]
[Result "1-0"]
[WhiteElo "1962"]
[BlackElo "1525"]
[PlyCount "141"]
[EventDate "2017.01.24"]
[EventType "swiss"]
[EventRounds "10"]
[EventCountry "GGB"]
[SourceTitle "CBM 177"]
[Source "ChessBase"]
[SourceDate "2017.03.16"]
[SourceVersion "1"]
[SourceVersionDate "2017.03.16"]
[SourceQuality "1"]

1. e4 d5 2. exd5 Nf6 3. c4 e6 4. d4 exd5 5. Nc3 Bb4 6. Bd3 0-0 7. Nge2 dxc4 8. Bxc4 Bg4 9. f3 Bf5 10. 0-0 Bxc3 11. bxc3 c6 12. Ba3 Re8 13. Qb3 Qd7 14. Nf4 b5 15. Bd3 a5 16. Rad1 Na6 17. Kh1 Nc7 18. Qc2 Bxd3 19. Nxd3 Ncd5 20. Ne5 Qc7 21. Rfe1 Nb6 22. Re2 Re6 23. Rde1 Rae8 24. g3 Nh5 25. f4 Rc8 26. Qf5 g6 27. Qg5 f6 28. Qg4 f5 29. Qg5 Qg7 30. Nd3 Rxe2 31. Rxe2 Nd5 32. Bb2 Nhf6 33. Nc5 Ne4 34. Nxe4 fxe4 35. Rxe4 Nf6 36. Re6 Kf7 37. Qe5 Re8 38. Qc7+ Kf8 39. Qxg7+ Kxg7 40. Rxe8 Nxe8 41. d5 Kf7 42. dxc6 Ke6 43. Kg2 Kd6 44. Kf3 Kxc6 45. g4 Nd6 46. h4 Kd5 47. h5 a4 48. hxg6 hxg6 49. Ba3 Ne4 50. Bb4 Nd2+ 51. Ke2 Nc4 52. Kf3 Nd2+ 53. Kg3 Ne4+ 54. Kh4 Ke6 55. Ba5 Kf6 56. Bc7 Ke6 57. Ba5 Kf6 58. Bb6 Ke6 59. Bd4 Nd6 60. Kg5 Kf7 61. Kh6 Ne4 62. Kh7 Nd2 63. f5 g5 64. Kh6 Ne4 65. Kh5 Ke7 66. Kg6 Ke8 67. Kg7 Nd6 68. f6 Nf7 69. Kg6 Nd8 70. Be3 Nc6 71. f7+ 1-0

[Event "Gibraltar Masters 15th"]
[Site "Caleta"]
[Date "2017.01.25"]
[Round "2"]
[White "Serarols Mabras, Bernat"]
[Black "Roman Lopez, Jesus A"]
[Result "1-0"]
[WhiteElo "2242"]
[BlackElo "1962"]
[PlyCount "61"]
[EventDate "2017.01.24"]
[EventType "swiss"]
[EventRounds "10"]
[EventCountry "GGB"]
[SourceTitle "CBM 177"]
[Source "ChessBase"]
[SourceDate "2017.03.16"]
[SourceVersion "1"]
[SourceVersionDate "2017.03.16"]
[SourceQuality "1"]

1. d4 d5 2. c4 dxc4 3. e4 e5 4. Nf3 exd4 5. Bxc4 Bb4+ 6. Nbd2 Nc6 7. 0-0 Nf6 8. e5 Nd5 9. Nb3 Bg4 10. Nbxd4 0-0 11. Nxc6 bxc6 12. Qe2 Qe7 13. a3 Bc5 14. Re1 Rad8 15. Bd3 Bh5 16. h3 Rfe8 17. g4 Bg6 18. Bxg6 hxg6 19. Qc2 Rb8 20. Bg5 Qf8 21. b4 Bb6 22. Qxc6 Ne7 23. Qe4 f5 24. exf6 gxf6 25. Bd2 Rbd8 26. Bc3 Qf7 27. Rad1 Rxd1 28. Rxd1 Qb3 29. Rd3 Qa2 30. Rd2 Qxa3 31. Qe6+ 1-0

[Event "ESP-ch 78th"]
[Site "Linares"]
[Date "2013.09.04"]
[Round "7"]
[White "Navarrete Espi, Samuel"]
[Black "Roman Lopez, Jesus A"]
[Result "1-0"]
[WhiteElo "2214"]
[BlackElo "1914"]
[PlyCount "65"]
[EventDate "2013.08.29"]
[EventType "swiss"]
[EventRounds "9"]
[EventCountry "ESP"]
[SourceTitle "CBM 156 Extra"]
[Source "ChessBase"]
[SourceDate "2013.10.22"]
[SourceVersion "1"]
[SourceVersionDate "2013.10.22"]
[SourceQuality "1"]

1. e4 e5 2. Nc3 Nc6 3. Bc4 Nf6 4. d3 Bc5 5. a3 d6 6. Nf3 Bg4 7. h3 Bxf3 8. Qxf3 Nd4 9. Qd1 c6 10. Ba2 0-0 11. Bg5 Re8 12. Qd2 b5 13. Ne2 d5 14. Ng3 Be7 15. c3 Ne6 16. Nf5 dxe4 17. Bxe6 fxe6 18. Nxe7+ Rxe7 19. Bxf6 gxf6 20. dxe4 Rd7 21. Qe2 Qe8 22. 0-0 Rad8 23. Rad1 c5 24. Qxb5 Qe7 25. Rxd7 Rxd7 26. b4 cxb4 27. axb4 h6 28. Ra1 Kh7 29. Kh2 Qg7 30. Ra6 Rc7 31. Qa5 h5 32. c4 h4 33. Rxe6 1-0

[Event "Malaga Region-ch"]
[Site "Malaga"]
[Date "2013.01.20"]
[Round "5"]
[White "Linan Baena, Jeronimo"]
[Black "Roman Lopez, Jesus A"]
[Result "1/2-1/2"]
[WhiteElo "2101"]
[BlackElo "1950"]
[PlyCount "64"]
[EventDate "2013.01.12"]
[EventType "swiss"]
[EventRounds "9"]
[EventCountry "ESP"]
[SourceTitle "CBM 152 Extra"]
[Source "ChessBase"]
[SourceDate "2013.02.25"]
[SourceVersion "1"]
[SourceVersionDate "2013.02.25"]
[SourceQuality "1"]

1. d4 c5 2. c3 Nf6 3. Nf3 cxd4 4. cxd4 g6 5. Nc3 d5 6. Qb3 Bg7 7. g3 0-0 8. Bg2 Nc6 9. 0-0 Na5 10. Qd1 b6 11. b3 Bb7 12. Bb2 Rc8 13. Rc1 Nd7 14. e3 Re8 15. Re1 e6 16. Nb5 Bf8 17. Rxc8 Qxc8 18. Nxa7 Qa8 19. Nb5 Rc8 20. Qb1 Nc6 21. Rc1 Nb4 22. Rxc8 Bxc8 23. a4 Ba6 24. Bf1 Bxb5 25. Bxb5 Nb8 26. Ne5 Bd6 27. Qc1 Qb7 28. Nd3 N8c6 29. Nxb4 Nxb4 30. Ba3 Bf8 31. Qd2 Nc6 32. Bxf8 Kxf8 1/2-1/2

[Event "Malaga Region-ch"]
[Site "Malaga"]
[Date "2013.01.12"]
[Round "1"]
[White "Roman Lopez, Jesus A"]
[Black "Gonzalez Capacete, Jose Miguel"]
[Result "1/2-1/2"]
[WhiteElo "1950"]
[BlackElo "1802"]
[PlyCount "140"]
[EventDate "2013.01.12"]
[EventType "swiss"]
[EventRounds "9"]
[EventCountry "ESP"]
[SourceTitle "CBM 152 Extra"]
[Source "ChessBase"]
[SourceDate "2013.02.25"]
[SourceVersion "1"]
[SourceVersionDate "2013.02.25"]
[SourceQuality "1"]

1. e4 c5 2. Nf3 e6 3. d4 cxd4 4. Nxd4 Nf6 5. Nc3 Bb4 6. Bd3 Nc6 7. Be3 Qa5 8. Nb3 Bxc3+ 9. bxc3 Qxc3+ 10. Bd2 Qe5 11. f4 Qh5 12. 0-0 Qxd1 13. Raxd1 d5 14. e5 Nd7 15. Bb5 Ne7 16. Nc5 Rb8 17. Bb4 b6 18. Nb3 a6 19. Bd3 Bb7 20. Rfe1 Rc8 21. Bd6 Ra8 22. Nd4 Nc8 23. Bc7 Nc5 24. Rb1 Na4 25. Rb4 Kd7 26. Rxa4 Kxc7 27. f5 Kd7 28. Rb4 g6 29. fxe6+ fxe6 30. Rf1 Re8 31. Rf6 Re7 32. Be2 Kc7 33. Nxe6+ Kb8 34. Bg4 Ka7 35. Nd8 Rxe5 36. Bxc8 Rxc8 37. Nxb7 Kxb7 38. Rbxb6+ Kc7 39. Rxa6 Kd7 40. Rfd6+ Ke7 41. Rdc6 Rxc6 42. Rxc6 Re1+ 43. Kf2 Ra1 44. Ke3 Rxa2 45. Kd4 Ra5 46. Rc7+ Ke6 47. Rxh7 Ra4+ 48. Kd3 Ra3+ 49. Kd2 Ra4 50. Rg7 Kf6 51. Rd7 Ke6 52. Rg7 Kf6 53. Rd7 Ke6 54. Rb7 Rg4 55. g3 Rg5 56. Rb6+ Kf5 57. Ke3 Rg4 58. Rc6 g5 59. Kf3 Ra4 60. h3 Ra3+ 61. Kf2 Ke4 62. Rc8 Ra2 63. h4 gxh4 64. gxh4 d4 65. Kg3 Kf5 66. Rc5+ Kf6 67. h5 Ra3+ 68. Kf4 d3 69. Rc6+ Kg7 70. cxd3 Rxd3 1/2-1/2

[Event "Andalucia-ch"]
[Site "Lucena"]
[Date "2012.04.29"]
[Round "6"]
[White "Roman Lopez, Jesus A"]
[Black "Castilla Salinas, Pedro"]
[Result "1-0"]
[WhiteElo "1964"]
[BlackElo "1846"]
[PlyCount "117"]
[EventDate "2012.04.26"]
[EventType "swiss"]
[EventRounds "9"]
[EventCountry "ESP"]
[SourceTitle "EXT 2013"]
[Source "ChessBase"]
[SourceDate "2012.11.22"]
[SourceVersion "1"]
[SourceVersionDate "2012.11.22"]
[SourceQuality "1"]

1. e4 c6 2. c4 e5 3. d4 exd4 4. Qxd4 c5 5. Qd1 d6 6. Nc3 Nf6 7. Nf3 Bg4 8. Bg5 Be7 9. Be2 0-0 10. Qd2 Nc6 11. Rd1 Qa5 12. 0-0 Rad8 13. h3 Bh5 14. Rfe1 Rfe8 15. a3 Bxf3 16. gxf3 Nd4 17. Kh1 Kh8 18. Rg1 Qc7 19. Be3 Qc8 20. Kg2 Nc6 21. Rh1 Ne5 22. Rdg1 Bf8 23. Bg5 Re6 24. f4 Nc6 25. f3 Nd4 26. f5 Ree8 27. Be3 Nc6 28. Kf1 Ne5 29. f4 Nc6 30. Bf3 a6 31. Rg3 b5 32. Rhg1 b4 33. Nd5 Nxe4 34. Bxe4 Rxe4 35. Qg2 Qxf5 36. Rg5 Rxf4+ 37. Nxf4 Qb1+ 38. Kf2 Qxb2+ 39. Kf3 Ne5+ 40. Rxe5 Qxg2+ 41. Rxg2 dxe5 42. Nd5 a5 43. Ke4 Bd6 44. Bg5 f6 45. Nxf6 Rf8 46. Nd7 Rf1 47. axb4 axb4 48. Be3 h6 49. Nxc5 Rh1 50. Rg3 Re1 51. Nd3 Rb1 52. c5 Bc7 53. Nxe5 Kh7 54. Bd4 b3 55. Rg2 Re1+ 56. Kd5 g5 57. Rb2 Bxe5 58. Bxe5 Re3 59. c6 1-0

[Event "Malaga-ch"]
[Site "Malaga"]
[Date "2012.02.05"]
[Round "9"]
[White "Roman Lopez, Jesus A"]
[Black "Cardoso Garcia, Sergio"]
[Result "0-1"]
[WhiteElo "1968"]
[BlackElo "2093"]
[PlyCount "93"]
[EventDate "2012.01.14"]
[EventType "swiss"]
[EventRounds "9"]
[EventCountry "ESP"]
[SourceTitle "CBM 146 Extra"]
[Source "ChessBase"]
[SourceDate "2012.02.29"]
[SourceVersion "1"]
[SourceVersionDate "2012.02.29"]
[SourceQuality "1"]

1. e4 Nf6 2. e5 Nd5 3. d4 d6 4. Nf3 Bg4 5. exd6 Qxd6 6. Bc4 Nc6 7. Nc3 e6 8. Be3 Nxc3 9. bxc3 Be7 10. Rb1 Rb8 11. h3 Bh5 12. Rb5 Bg6 13. 0-0 a6 14. Rb1 b5 15. Bd3 0-0 16. Qd2 e5 17. dxe5 Nxe5 18. Nxe5 Qxe5 19. Bf4 Qc5 20. Be3 Qc6 21. f4 Be4 22. Bd4 Bxd3 23. cxd3 Bc5 24. Bxc5 Qxc5+ 25. d4 Qd5 26. f5 f6 27. Rbe1 Rfe8 28. Re2 Kf7 29. Rf4 Rbd8 30. Qe1 Qd7 31. g4 Rxe2 32. Qxe2 Re8 33. Re4 c6 34. Kf2 Rxe4 35. Qxe4 Qd5 36. Qxd5+ cxd5 37. Ke3 Ke7 38. h4 h6 39. Kf4 Kd6 40. g5 h5 41. Ke3 Kc6 42. g6 Kb6 43. Kd3 Ka5 44. Kc2 Ka4 45. Kb2 b4 46. Kc2 bxc3 47. Kxc3 0-1